000 02100nka a2200337 i 4500
001 102992
003 ES-MaACL
005 20250822063152.0
007 t|
008 051223e1792 sp f | |r||1c|spa
100 1 _aSalvador Carmona, Manuel,
_d1734-1820
_eegr
_9102084
245 1 1 _a[Retrato de Isabel Parreño]
_h[Material gráfico] /
_cretratada... por el celebre Mengs y grabada por Dn. Manuel Salvador Carmona
260 _a[S.l. :
_bs.n.],
_c1792
300 _a1 estampa :
_bgrabado calcográfico ;
_c565 x 390 mm
490 1 _aColección facticia de grabados ;
_v36
_9184692
500 _aInscripción: "La Excma. Sra. Doña Isabel Parreño, Arce, Ruiz de Alarcón, y Valdés, Esposa del Excmo. Señor Marqués de Llano, Gran Cruz de la Orden de Carlos III, Caballero de la de Santiago, Consejero de Estado. Embaxador del Rey cerca del Emperador, retratada en la edad de 18 años, en trage de mascara, por el célebre Mengs y grabada por Dn. Manuel Salvador Carmona, Grabador de Camara de S.M. del Rey de Francia, y Director en la Real Academia de San Fernando. Año de 1792"
500 _aEstampa basada en el cuadro conocido como "La maja de Mengs", donado por el marqués del Llano, en 1831, a la Academia de San Fernando
520 _aIsabel Parreño aparece de pie, vestida con traje blanco y delantal, corpiño y adornos negros, lleva en su mano derecha una careta y apoya su mano izquierda en la cintura
530 _aDisponible en formato digital
600 1 4 _aParreño y Arce, Isabel,
_cMarquesa de Llano,
_dca. 1757-
_989258
655 7 _aGrabados calcográficos
_2tgfbne
_9241761
655 7 _aGrabados
_2tgfbne
_9226846
655 4 _aReproducciones de obras de arte
_9241931
700 1 _aMengs, Anton Raphael,
_d1728-1779
_eart
_9155197
830 0 _aColección facticia de grabados ;
_v36
_9184692
852 4 _aES-MaACL
_cDEPO2
_jGF-2(36)
856 4 _uhttps://bdh-rd.bne.es/viewer.vm?id=0000036780&page=1
_yVersión en línea
_z(Biblioteca Digital Hispánica)
942 _2udc
_cDIBGRB
_n0
999 _c102992
_d102992